书目信息 |
| 书名: | The beautiful and damned | |
| 作者: | F.Scott Fitzgerald. | |
| 分册号: | ||
| 分册名: | 出版地: | New York : |
|
| 出版社: | Bantam books | |
| 出版时间: | 1998. | |
| 页数: | 436 p. ; | |
| 开本: | 19cm. | |
| 丛书名: | ||
| 中图分类号: | ||
| 科图分类号: | ||
| 其他分类号: | I712.44 | |
| 主题词: | ||
| 电子资源: | ||
| 000 | 00401nam 2200145 a 4500 | |
| 001 | E0257574379 | |
| 005 | 2002052215593438 | |
| 008 | 020522s1998 00010 eng | |
| 020 | @a0-553-21470-5 :@cRMB 20.00. | |
| 040 | @aPFT@beng | |
| 090 | @aI712.44 | |
| 099 | @dI712.44@eF554 | |
| 245 | 1 | @aThe beautiful and damned / @cF.Scott Fitzgerald. |
| 260 | @aNew York :@bBantam books,@c1998. | |
| 300 | @a436 p. ;@c19cm. | |
| The beautiful and damned / / F.Scott Fitzgerald.-New York : : Bantam books, , 1998. |
| 436 p. ; ; 19cm. |
| ISBN 0-553-21470-5 :RMB 20.00. |
| ● |
| 相关链接 |
|
|
|
正题名:The beautiful and damned
索取号:I712.44/F554
 
预约/预借
| 序号 | 登录号 | 条形码 | 馆藏地/架位号 | 状态 | 备注 |
| 1 | 03995 | 300039955 | 文学库116/ [索取号:I712.44/F554] | 在馆 | |
| 2 | 03996 | 300039964 | 文学库116/ [索取号:I712.44/F554] | 在馆 |